| 000 | 00658cam a22002291 4500 | ||
|---|---|---|---|
| 001 | sa 65005850 | ||
| 003 | DLC | ||
| 005 | 20260227112139.0 | ||
| 008 | 890628s1964 ii b 000 0 hino | ||
| 010 | _asa 65005850 | ||
| 035 | _a(OCoLC)19945725 | ||
| 040 |
_aDLC _cWaU _dDLC |
||
| 043 | _aa-ii--- | ||
| 050 | 0 | 0 |
_aPK2102.G3 _bB3 |
| 100 | 1 |
_aBābulakara, Mohanalāla, _d1939- |
|
| 245 | 1 | 0 | _aGar̥havālī loka-sāhitya kā vivecanātmaka adhyayana. |
| 260 | _c[1964] | ||
| 300 |
_av. _c23 cm. |
||
| 500 | _aIn Hindi. | ||
| 504 | _aBibliography: p. [285]-286. | ||
| 650 | 0 |
_aFolk literature, Hindi _zIndia _zGarhwalʼ (District) _xHistory and criticism. |
|
| 999 |
_c64414 _d64414 |
||